000 00316nam a22001217a 4500
040 _cHS
082 _a382
100 _aសំ វិទូ
245 _aការសិក្សាអនុផលព្រៃឈើ Non-wood forest product
260 _aRUA
_bសំ វិទូ
_c1998
300 _a50p;
942 _cKB
999 _c9163
_d9163